Banner

Justicia para erizos / (Record no. 1757)

MARC details
000 -LEADER
campo de control de longitud fija 01319nam a22002657a 4500
003 - IDENTIFICADOR DE NÚMERO DE CONTROL
campo de control CoMeUDC
005 - FECHA Y HORA DE LA ÚLTIMA TRANSACCIÓN
campo de control 20231109191901.0
008 - DATOS DE LONGITUD FIJA--INFORMACIÓN GENERAL
campo de control de longitud fija 231109b ||||| |||| 00| 0 eng d
020 ## - NÚMERO INTERNACIONAL ESTÁNDAR DEL LIBRO
Número Internacional Estándar del Libro 9786071621184
040 ## - FUENTE DE CATALOGACIÓN
Centro catalogador/agencia de origen CO-UdeC
Lengua de catalogación spa
Centro/agencia transcriptor CO-UdeC
Centro/agencia modificador CO-UdeC
Normas de descripción AARC
-- ISBD
082 ## - NÚMERO DE LA CLASIFICACIÓN DECIMAL DEWEY
Número de clasificación 170.4
Número de ítem D993
100 ## - ENTRADA PRINCIPAL--NOMBRE DE PERSONA
9 (RLIN) 2463
Nombre de persona Dworkin, Ronald
240 ## - TÍTULO UNIFORME
Título uniforme Justice for Hedgehogs
Lenguaje de la obra Inglish
245 ## - MENCIÓN DEL TÍTULO
Título Justicia para erizos /
Mención de responsabilidad, etc. Ronald Dworkin.
260 ## - PUBLICACIÓN, DISTRIBUCIÓN, ETC.
Lugar de publicación, distribución, etc. México :
Nombre del editor, distribuidor, etc. Fondo de Cultura Económica,
Fecha de publicación, distribución, etc. 2014.
300 ## - DESCRIPCIÓN FÍSICA
Extensión 591 p. ;
Dimensiones 24 cm.
490 ## - MENCIÓN DE SERIE
Mención de serie Sección de obras de política y derecho
505 00 - NOTA DE CONTENIDO CON FORMATO
Nota de contenido con formato INDEPENDENCIA -- La verdad en la moral -- El escepticismo externo -- La moral y las causas -- El escepticismo interno -- INTERPRETACIÓN -- La responsabilidad moral -- La interpretación en general -- La interpretación conceptual -- ÉTICA -- La dignidad -- El libre albedrío y la responsabilidad -- MORAL -- De la dignidad a la moral -- La ayuda -- El daño -- Las obligaciones -- POLÍTICA -- Los derechos y los conceptos políticos -- La igualdad -- La libertad -- La democracia -- El derecho -- La dignidad indivisible
546 ## - NOTA DE IDIOMA
Nota de lengua/lenguaje Español
650 #0 - PUNTO DE ACCESO ADICIONAL DE MATERIA--TÉRMINO DE MATERIA
9 (RLIN) 2464
Término de materia o nombre geográfico como elemento de entrada Valores
Subdivisión general Ética
650 #0 - PUNTO DE ACCESO ADICIONAL DE MATERIA--TÉRMINO DE MATERIA
9 (RLIN) 2465
Término de materia o nombre geográfico como elemento de entrada Valores
Subdivisión general Moral
650 #0 - PUNTO DE ACCESO ADICIONAL DE MATERIA--TÉRMINO DE MATERIA
9 (RLIN) 2467
Término de materia o nombre geográfico como elemento de entrada Valores
Subdivisión general Justicia
650 #0 - PUNTO DE ACCESO ADICIONAL DE MATERIA--TÉRMINO DE MATERIA
9 (RLIN) 542
Término de materia o nombre geográfico como elemento de entrada Filosofía del derecho
942 ## - ELEMENTOS DE ENTRADA SECUNDARIOS (KOHA)
Fuente del sistema de clasificación o colocación Clasificación Decimal Dewey
Tipo de ítem Koha Libros
Holdings
Estatus retirado Estado de pérdida Fuente del sistema de clasificación o colocación Estado de daño No para préstamo Colección Biblioteca de origen Biblioteca actual Fecha de adquisición Fuente de adquisición Total de préstamos Total de renovaciones Signatura topográfica completa Código de barras Visto por última vez Fecha del último préstamo Copia número Precio de reemplazo Tipo de ítem Koha
    Clasificación Decimal Dewey     Colección general U DE COLOMBIA - Biblioteca U DE COLOMBIA - Biblioteca 09/11/2023 compra 2023 5 10 170.4 D993 100483 29/10/2024 28/10/2024 1 09/11/2023 Libros


Biblioteca Académica Corporación Universitaria U DE COLOMBIA | Teléfono: +(57) (4) 2398080 ext. 1112 | E-mail: biblioteca@udecolombia.edu.co | Dirección: Calle 56 Nº 41 – 147 (Bolivia con Girardot)
Horario de atención: lunes a viernes 8:00 a.m. a 8:00 p.m. - sábados 8:00 a.m. a 4:00 p.m.
Implementado por Grupo EGS.

Powered by Koha